Statistics for Love you goodbye- One Direction (all lyrics)

Click here to take the quiz!

General Stats

  • This quiz has been taken 38 times
  • The average score is 195 of 263

Answer Stats

Answer% Correct
a
100%
be
96%
go
96%
good
96%
i
96%
if
96%
you
96%
it
91%
me
91%
to
91%
we
91%
an
87%
can
87%
come
87%
do
87%
the
87%
this
87%
your
87%
end
83%
goodbye
83%
its
83%
It's
83%
it's
83%
know
83%
love
83%
still
83%
that
83%
time
83%
friends
78%
hurt
78%
in
78%
last
78%
my
78%
of
78%
on
78%
why
78%
yeah
78%
you're
78%
youre
78%
after
74%
comes
74%
let
74%
life
74%
mine
74%
oh
74%
one
74%
out
74%
should
74%
walk
74%
wanna
74%
and
70%
baby
70%
dont
70%
even
70%
everything
70%
give
70%
impossible
70%
little
70%
maybe
70%
mercy
70%
show
70%
that's
70%
way
70%
wont
70%
won't
70%
but
65%
didnt
65%
is
65%
look
65%
stay
65%
tomorrow
65%
tonight
65%
wearing
65%
apologize
57%
could
57%
inevitable
57%
over
57%
there
57%
theres
57%
though
57%
already
52%
been
52%
bring
52%
nothing
52%
saying
52%
twist
52%
understand
52%
back
48%
breaking
48%
change
48%
just
48%
knife
48%
only
48%
places
48%
something
48%
weve
48%
hearts
43%
lips
43%
our
43%
unforgettable
43%
well
43%
at
39%
hands
39%
more
39%
night
39%
taste
39%
together
39%
whole
39%
world
39%
because
35%
had
35%
least
30%
nights
30%
then
30%
unexplainable
30%
held
26%
right
26%
negotiated
17%

Score Distribution

Percentile by Number Answered

Percent of People with Each Score

Your Score History

You have not taken this quiz